000 00317nam a2200109Ia 4500
001 1261132
005 20260417140346.0
008 260417s9999 xx 000 0 und d
020 _a9786051859446
245 0 _aAli Nizami Bey'in Alafrangalığı ve Şeyhliği
_cAbdülhak Şinasi Hisar
260 _bEverest Yayınları
999 _c1261132
_d1261132